000 00559cam a22002051 4500
001 af 47002244
003 DLC
005 20260227110813.0
008 890401s1941 gw 000 1 ger c
010 _aaf 47002244
035 _a(OCoLC)19485960
040 _aYale Univ. Library
_cCU
_dDLC
042 _apremarc
050 0 0 _aPT2603.Y4
_bG4
082 _a833.91
100 1 _aByern, Heinz Alfred von,
_d1885-1940.
245 1 4 _aDer Geheimnisvolle;
_cRoman von Heinz Alfred von Byern.
260 _aMünchen,
_bF.C. Mayer,
_c1941.
300 _a134 p.
_c20 cm.
999 _c1628
_d1628